Budget hotels' expansion has a long way to go (Record no. 80635)
[ view plain ]
| 000 -LEADER | |
|---|---|
| fixed length control field | 01095cab a22001815a 4500 |
| 001 - CONTROL NUMBER | |
| control field | L144908 |
| 008 - FIXED-LENGTH DATA ELEMENTS--GENERAL INFORMATION | |
| fixed length control field | 080819d2008 xxkd f s 000 0 eng d |
| 035 ## - SYSTEM CONTROL NUMBER | |
| System control number | (Sirsi) u144908 |
| 041 0# - LANGUAGE CODE | |
| Language code of text/sound track or separate title | eng |
| 100 1# - MAIN ENTRY--PERSONAL NAME | |
| Personal name | Walker, Ben |
| 245 00 - TITLE STATEMENT | |
| Title | Budget hotels' expansion has a long way to go |
| 260 ## - PUBLICATION, DISTRIBUTION, ETC. | |
| Date of publication, distribution, etc. | 2008 |
| 490 ## - SERIES STATEMENT | |
| Series statement | Property Forecast |
| Volume/sequential designation | 11(6) June 2008, 8-9(2) |
| 520 ## - SUMMARY, ETC. | |
| Summary, etc. | Article discusses the 8.8% total rooms' revenue growth of the United Kingdom budget hotel market. States that small to medium transactions are booming, as the major players in the budget hotel market seek to take advantage of falling prices to expand their property portfolios. Suggests that secondary and tertiary sites are a major growth area, with hotels being opened in smaller cities. Illustrates the gap between the market share of UK budget hotels (13.2%) and the US (25%) and France (23.4%) and suggests that there is further room for market penetration. |
| 651 #4 - SUBJECT ADDED ENTRY--GEOGRAPHIC NAME | |
| Geographic name | United Kingdom |
| Chronological subdivision | |
| 690 ## - LOCAL SUBJECT ADDED ENTRY--TOPICAL TERM (OCLC, RLIN) | |
| Topical term or geographic name as entry element | PROPERTY-RESIDENTIAL PROPERTY-COMMUNAL RESIDENTIAL PROPERTY-COMMUNAL RESIDENTIAL FACILITIES-HOTELS |
| 942 ## - ADDED ENTRY ELEMENTS (KOHA) | |
| Suppress in OPAC | 0 |
| Withdrawn status | Lost status | Source of classification or shelving scheme | Damaged status | Not for loan | Home library | Current library | Shelving location | Date acquired | Total Checkouts | Full call number | Barcode | Date last seen | Copy number | Price effective from | Koha item type |
|---|---|---|---|---|---|---|---|---|---|---|---|---|---|---|---|
| Dewey Decimal Classification | London | London | Journal article | 19/08/2008 | L144908 | 144908-1001 | 06/08/2019 | 1 | 06/08/2019 | Journal article |